000 02032cas a2200565 a 4500
001 11269972
005 20140905122255.0
007 t|
008 770318c19569999ii qr p 0 a0eng c
010 _a 83054911
_z 89646709
016 7 _a011152907
_2DE-101
016 7 _a202388-X
_2DE-600
016 7 _a0064145
_2DNLM
016 7 _aP54900000
_2DNLM
022 0 _a0033-2968
_220
022 0 _a0974-9861 (Electronic)
025 _aI-E-E-1176
035 _a(OCoLC)ocm02813919
040 _aCtY
_beng
_cCtY
_dMnMULS
_dOCoLC
_dAIP
_dDLC
_dNSDP
_dICRL
_dNST
_dInU
_dDNLM
_dOCoLC
_dGU
_dCU-S
_dWaU
_dOCoLC
_dDEBBG
_dGWDNB
_dOCoLC
042 _apcc
_ansdp
050 0 0 _aBF1
_b.P817
060 0 0 _aW1
_bPS645
130 0 _aPsychological studies (Mysore, India)
210 0 _aPsychol. stud.
222 0 _aPsychological studies
245 1 0 _aPsychological studies.
246 1 3 _aPS
260 _aNew Delhi :
_bSpringer India
300 _avolumes ;
_c25 cm
310 _aQuarterly,
_bApr./Jul. 2004-
321 _aSemiannual,
_b<1966>-1987
321 _aThree times a year,
_b1988-<2003>
362 1 _aBegan with v. 1 in 1956.
500 _aImprint varies.
515 _aSome nos. issued in combined form.
525 _aHas occasional special issues.
550 _aIssued 1956- by Dept. of Psychology, Mysore University; <July 1978-> University of Calicut; <2004-> by the National Academy of Psychology (India).
590 _aSERBIB/SERLOC merged record
650 0 _aPsychology
_vPeriodicals.
650 2 _aPsychology
_vPeriodicals.
710 2 _aUniversity of Mysore.
_bDepartment of Psychology.
710 2 _aUniversity of Calicut.
710 2 _aNational Academy of Psychology (India)
776 0 8 _iOnline version:
_tPsychological studies (Mysore, India)
_w(OCoLC)297290430
776 0 8 _iOnline version:
_tPsychological studies (Mysore, India)
_w(OCoLC)564661267
856 _uwww.springer.com/12646
906 _a7
_bcbc
_cserials
_d3
_encip
_f19
_gn-oclcserc
942 _2ddc
_cSR
_s1
999 _c88336
_d88336